Gaming Quiz

Random Gaming or Marvel Quiz
Score 0/72 Timer 12:00
0 Plays Today
Hero % Correct
Iron Man
94.1%
Red Hulk
93%
Hulk
92.4%
Captain America
86.5%
Iron Patriot
84.3%
Thor
83.8%
Wolverine
82.7%
Scarlet Spider
81.1%
Spider-Man
79.5%
Miles Morales
79.5%
Spider-Man 2099
78.4%
Thing
77.8%
Cyclops
75.1%
Black Widow
75.1%
Human Torch
74.6%
Mr. Fantastic
73%
Invisible Woman
71.4%
Hawkeye
70.7%
Storm
67.6%
Phoenix
65.4%
Giant-Man
63.8%
Silver Surfer
63.8%
Wasp
62.7%
Beast
62.7%
She-Hulk
62.7%
Red She-Hulk
62.7%
Falcon
61.1%
Ms. Marvel
61.1%
Black Panther
61.1%
Antman
60.4%
Future Foundation Dr. Doom
58%
Scarlet Witch
57.3%
Daredevil
56.8%
Iceman
56.8%
Colossus
55.1%
Magneto
55%
Hero % Correct
War Machine
54.1%
Nick Fury
54.1%
Werewolf By Night
53.7%
Deadpool
53.5%
Gambit
51.4%
Nightcrawler
50.3%
Spider-Woman
48.1%
Rogue
48.1%
Elektra
47.6%
Luke Cage
47.6%
Angel
47%
Bucky
45.9%
Ghost Rider
45.9%
Shadowcat
45.4%
Captain Marvel
44.3%
Nova
43.2%
Vision
43.1%
Cable
41.7%
Punisher
41.6%
Emma Frost
39.5%
Psylocke
37.8%
Blade
35.1%
Black Cat
33.5%
Firestar
30.3%
Reptil
30.3%
Doctor Strange
30.3%
Havok
29.9%
Sentry
29.7%
Spider-Girl
28.6%
Valkyrie
24.9%
Tigra
23.1%
Moon Knight
21.6%
American Dream
21.1%
Monkey King
20.9%
Morbius
9.7%
Hope Summers
9%
Remove Ads.
Support Sporcle.
Get the best of Sporcle when you Go Orange. This ad-free experience offers more features, more stats, and more fun while also helping to support Sporcle. Thank you for becoming a member.

You're not logged in!

Compare scores with friends on all Sporcle quizzes.
OR
Log In

Show Comments

Extras

Created Feb 15, 2012ReportNominate
Tags:Marvel Quiz, Character

Top Quizzes Today


Score Distribution

Your Account Isn't Verified!

In order to create a playlist on Sporcle, you need to verify the email address you used during registration. Go to your Sporcle Settings to finish the process.

Report this User

Report this user for behavior that violates our Community Guidelines.

Details: